[Event "Merv Morrison 2015"]
[Site "Auckland CC"]
[Date "2016.02.02"]
[Round "4.1"]
[White "Gong, Daniel"]
[Black "Hague, Ben"]
[Result "0-1"]
[WhiteElo "2128"]
[BlackElo "2455"]
[PlyCount "146"]
[EventDate "2016.??.??"]

1. c4 c5 2. g3 Nc6 3. Bg2 g6 4. Nc3 Bg7 5. Nf3 e6 6. e4 Nge7 7. d3 O-O 8. Be3 {
Diagram # White is playing the Botvinnik system, but Ben has a nice easy game
and he proceeds to outplay Daniel.} Nd4 9. O-O d6 10. Qd2 Nec6 11. Bh6 Nxf3+
12. Bxf3 Nd4 13. Bg2 Rb8 14. Bxg7 Kxg7 15. h4 {Diagram # This is crazy, the
threat of h5 does not do anything, White has just loosened his position for no
return.} e5 16. h5 gxh5 {I think this came as a surprise, it looks ugly, but
h4 will come and Black is just on his way to winning now.} 17. f4 Bg4 18. f5 f6
19. Nd5 Rg8 20. Ne3 Kh8 21. Nxg4 Rxg4 {Diagram # Black's game just plays
itself. Look at the poor white Bishop vs that Knight on d4. Black is also a
pawn up...} 22. Kf2 Qg8 23. Qh6 Qg5 24. Qxg5 Rxg5 25. Bf3 Rbg8 26. Rg1 h4 27.
g4 h5 28. Rh1 Nxf3 29. Kxf3 Rxg4 30. Rh2 Rg3+ 31. Kf2 R8g4 32. Rah1 Rxd3 33.
Rxh4 Rxh4 34. Rxh4 Rd2+ 35. Ke3 Rxb2 36. Rxh5+ Kg7 {Not all Rook endgames are
drawn, White could calmly resign, but the juniors these days don't do that.
Watch Ben wrap up the point with ease.} 37. Rh1 Rxa2 38. Rg1+ Kf7 39. Rh1 Ra3+
40. Kd2 Rb3 41. Rh7+ Kf8 42. Rd7 Rb6 43. Rd8+ Ke7 44. Ra8 a6 45. Rh8 a5 46.
Rh7+ Kf8 47. Rh8+ Kg7 48. Ra8 Ra6 49. Rc8 a4 50. Rc7+ Kh6 51. Kc2 a3 52. Kb1
a2+ 53. Ka1 Kg5 54. Rxb7 Kf4 55. Rf7 Kxe4 56. Rxf6 Kd4 57. Rh6 Kxc4 58. f6 Ra7
59. f7 Rxf7 60. Rxd6 Ra7 61. Rd1 e4 62. Rc1+ Kd4 63. Rd1+ Ke3 64. Rd5 Ra5 65.
Rd8 Ke2 66. Re8 e3 67. Re7 Kf2 68. Rf7+ Ke1 69. Re7 e2 70. Re8 Ra4 71. Rb8 Kd1
72. Rb3 e1=Q 73. Rb2 Rc4 0-1

[Event "Merv Morrison 2015"]
[Site "Auckland CC"]
[Date "2016.02.02"]
[Round "?"]
[White "Steadman, Mike"]
[Black "Ang, Alphaeus"]
[Result "1-0"]
[WhiteElo "2304"]
[BlackElo "2165"]
[PlyCount "123"]
[EventDate "2016.??.??"]

1. e4 Nc6 2. d3 {
This is just anti-junior stuff. Watch Alphaeus find the wrong plan.} d6 3. f4
g6 4. Nf3 Bg7 5. Be2 Bg4 {This is the move Alphaeus is prone to making, just
heads out there and swaps itself. He will learn what Bishops can do today.} 6.
c3 e5 7. Qb3 {Diagram #} Bxf3 {A sad move to have to make, but defending b7
did not work due to the loose Bg4 allowing a Ng5 tactic} (7... Rb8 8. Ng5 Be6
9. Nxe6 fxe6 10. Qxe6+) 8. Bxf3 Na5 9. Qa4+ Nc6 10. O-O Qd7 11. Be3 Nge7 12.
Nd2 Nd8 {This just shows that Alphaeus does not appreciate how bad this
position is. Queens on the board are his only chance (although nothing is
attackable in this position). This endgame is lost, he will get a
demonstration.} 13. Qxd7+ Kxd7 14. fxe5 Bxe5 15. Bg4+ Ke8 16. Rae1 {Diagram #}
h5 17. Bd1 {This is a good trick to remember, the white squared Bishop looked
bad, but it is the key piece, out on b3 it rules supreme and f7 will fall once
the doubled Rooks hit down the f file.} a5 18. a4 Nec6 19. Bb3 Bg7 20. Nf3 Ne5
21. d4 Nxf3+ 22. Rxf3 c6 23. Bg5 {Diagram # The real point of two Bishops
against a Bishop and Knight is that the Bishop can swap when the time is right.
In this case White will take the d8 Knight and crash through and win f7.} Rf8
24. Ref1 Ne6 25. Bxe6 fxe6 26. Rxf8+ Bxf8 27. Rf6 {Wins a pawn and the game -
simple chess. Just watch for tricks and collect the point.} b5 28. axb5 cxb5
29. Rxg6 Kd7 30. Rg8 b4 31. cxb4 axb4 32. Kf2 (32. Bh6 $4 {
Always watch out for tricks!} Ra1+ 33. Kf2 Bxh6 {
Black wins the piece and the game.}) 32... Rc8 33. Kg3 d5 34. e5 b3 35. Kh4 Bb4
36. Rxc8 {Game over, but the kids don't resign :-(} Kxc8 37. Bc1 Be1+ 38. Kxh5
Bf2 39. Kg6 Bxd4 40. Kf6 Kd7 41. g4 Bb6 42. g5 Bd8+ 43. Kf7 Bc7 44. g6 Bxe5 45.
g7 Bxg7 46. Kxg7 e5 47. h4 d4 48. h5 e4 49. h6 e3 50. h7 e2 51. Bd2 d3 52. h8=Q
e1=Q 53. Bxe1 d2 54. Bxd2 Ke6 55. Qg8+ Kf5 56. Qxb3 Ke5 57. Qe3+ Kf5 58. Qf4+
Ke6 59. Qg5 Kd6 60. Kf6 Kd7 61. Qc5 Ke8 62. Qe7# 1-0

[Event "Merv Morrison 2015"]
[Site "Auckland CC"]
[Date "2015.10.25"]
[Round "5.1"]
[White "Hague, Ben"]
[Black "Steadman, Mike"]
[Result "1-0"]
[WhiteElo "2455"]
[BlackElo "2304"]
[PlyCount "35"]
[EventDate "2015.??.??"]

1. e4 e6 2. d4 d5 3. Nc3 Nf6 4. e5 Nfd7 5. f4 c5 6. Nf3 Nc6 7. Be3 Be7 8. Qd2
O-O 9. dxc5 Nxc5 10. O-O-O a6 11. Qf2 Nd7 {This is the main move.} (11... b6
12. h4 Qc7 13. Kb1 f6 14. Qg3 fxe5 15. fxe5 b5) 12. Qg3 f5 13. Qh3 Nc5 14. g4
Ne4 15. gxf5 Nxc3 16. bxc3 {Diagram #} Qa5 $4 {
Wrong order, it's never a good idea to mix up the moves.} (16... Ba3+ 17. Kb1 (
17. Kd2 exf5 18. Rg1 Be7 19. Qh6 Rf7 20. Rb1 Kh8 21. Qh5 Kg8 22. Nd4 g6 23. Bd3
Rg7) 17... Qa5 18. Bc1 Bxc1 19. Kxc1 Qa3+ 20. Kb1 Qxc3 21. f6 Qb4+ 22. Ka1 Qc3+
23. Kb1 {with a draw}) 17. f6 {Black is completely lost now - oops.} gxf6 18.
Rg1+ {Diagram # Black resigned. All over, Black can scramble, but he is well
lost, for example} (18. Rg1+ Kh8 19. Qg4 Ba3+ 20. Kd2 Qc7 21. exf6) 1-0

[Event "Merv Morrison 2015"]
[Site "Auckland CC"]
[Date "2015.10.25"]
[Round "5.2"]
[White "Duneas, John"]
[Black "Gong, Daniel"]
[Result "1-0"]
[WhiteElo "2181"]
[BlackElo "2128"]
[PlyCount "123"]
[EventDate "2015.??.??"]

1. d4 Nf6 2. c4 g6 3. Nc3 Bg7 4. e4 d6 5. Be2 O-O 6. Nf3 c5 7. d5 e5 8. O-O Ne8
9. Ne1 f5 10. f3 Nc7 11. Nd3 a5 12. Bd2 Bd7 13. b3 Nba6 14. a3 b5 15. cxb5 Nxb5
16. Nxb5 Bxb5 17. Nb2 Bxe2 18. Qxe2 Nc7 19. a4 Na6 20. Nc4 Nb4 21. Bc3 Ra7 22.
Rad1 Raf7 23. exf5 Rxf5 24. Bxb4 axb4 25. Nd2 e4 26. fxe4 Bd4+ 27. Kh1 Rf2 28.
Rxf2 Rxf2 29. Qg4 Qf8 30. Nf3 Bc3 31. h4 Kh8 32. h5 g5 33. Nxg5 Rf1+ 34. Rxf1
Qxf1+ 35. Kh2 Be5+ 36. g3 {Diagram #} Qf2+ 37. Kh3 Qf1+ 38. Kh4 Qh1+ 39. Qh3
Qxh3+ 40. Kxh3 c4 {Diagram #} 41. Nf3 $1 cxb3 42. Nd2 b2 43. a5 Bc3 44. Nb1 Kg7
45. Kg4 Kf6 46. a6 Bd4 47. Kf4 Bg1 48. g4 Bh2+ 49. Ke3 Bg1+ 50. Kd3 h6 51. Nd2
b3 52. Kc3 Be3 53. Kxb2 Kg5 54. Nc4 Bd4+ 55. Kxb3 Kxg4 56. Nxd6 Kxh5 57. Nf5
Bb6 58. Kc4 Kg5 59. Kb5 Bf2 60. Kc6 h5 61. d6 h4 62. Nxh4 1-0